Maľujeme hračky

Podrobná bibliografia
Hlavný autor: Andel, Ján, 1919-2003 (Autor)
Médium: Kniha
Jazyk:slovenčina
PhysicalDescription:16 s. 8°
Vydavateľské údaje: Martin Osveta 1956
Predmet:

MARC

LEADER 00000nam a2200000 a 4500
001 vtls008314386
003 SK-MaSNL
005 20260302020322.0
008 181127s1956 xo 000 slo
015 |a SKSNBA1957/03-00439 
035 |a SK01SNK19570006603 
035 |a SKM000009066 
040 |a SNK  |b slo  |c SNK  |e AACR2 
041 1 |a slo 
044 |a xo  |c SK 
080 |a 087.5(084.1)  |2 1981 
100 1 |a Andel, Ján,  |d 1919-2003  |4 aut  |9 99638 
245 1 0 |a Maľujeme hračky  |c Ján Andel 
260 |a Martin  |b Osveta  |c 1956  |e Martin  |f Severoslovenské tlačiarne 
300 |a 16 s.  |c 8° 
650 0 7 |a hračky  |x omaľovačky  |2 SNK  |9 663129 
650 0 7 |a maľovanky  |2 SNK  |9 60443 
655 7 |a maľovanky  |2 SNKPH  |9 70662 
852 |a Slovenská národná knižnica v Martine  |b 10000  |h SD 12626 
852 |a Slovenská národná knižnica v Martine  |b 10000  |h SD 12626 D1 
919 |a brož. 
958 |a OND 
958 |a TL 
958 |a RK 
999 |c 1024649  |d 1026579 
952 |a SNK  |b SNK  |y PREZ  |7 0  |p 17A0568571  |o snkSD 12626  |i snkKSP 411/57  |0 0  |1 0  |4 0  |d 2007-12-07  |l 0  |r 2025-11-26 00:00:00  |w 2026-02-24